[Event "BL 1920 (Women)"]
[Site "Germany"]
[Date "2019.09.14"]
[Round "1.6"]
[White "Schulz, Stefanie"]
[Black "Diederichs, Luise"]
[Result "1-0"]
[WhiteElo "2070"]
[BlackElo "1970"]
[PlyCount "67"]
[EventDate "2019.09.14"]
[EventType "team-tourn"]
[EventRounds "11"]
[EventCountry "GER"]
[SourceTitle "EXT 2020"]
[Source "ChessBase"]
[SourceDate "2019.10.17"]
[SourceVersion "1"]
[SourceVersionDate "2019.10.17"]
[SourceQuality "1"]
[WhiteTeam "Hamburger SK (W)"]
[BlackTeam "Lehrte (W)"]
[WhiteTeamCountry "GER"]
[BlackTeamCountry "GER"]

1. e4 d6 2. d4 g6 3. Nf3 Bg7 4. h3 a6 5. c3 Nd7 6. Bd3 e6 7. Bg5 Ne7 8. Nbd2 h6 9. Be3 b5 10. a4 bxa4 11. Qxa4 0-0 12. Qa2 Kh7 13. Nb3 f5 14. Na5 Nf6 15. exf5 exf5 16. h4 Nh5 17. 0-0-0 f4 18. Bd2 Bf5 19. Be2 Qd7 20. Rdg1 Be6 21. Qa3 Nc6 22. Nb3 Rab8 23. c4 Bf5 24. Re1 a5 25. Bc3 a4 26. Nbd2 Rb7 27. Bd1 Ra8 28. b4 Nd8 29. Ne4 Bxe4 30. Rxe4 d5 31. Ne5 Qf5 32. Ree1 dxc4 33. Bc2 Qf6 34. Bxg6+ 1-0

[Event "BL 1617 (Women)"]
[Site "Germany"]
[Date "2016.10.23"]
[Round "2.6"]
[White "Ambartsumova, Karina"]
[Black "Schulz, Stefanie"]
[Result "1/2-1/2"]
[WhiteElo "2280"]
[BlackElo "2080"]
[PlyCount "104"]
[EventDate "2016.10.22"]
[EventType "team-tourn"]
[EventRounds "11"]
[EventCountry "GER"]
[SourceTitle "EXT 2018"]
[Source "ChessBase"]
[SourceDate "2017.10.13"]
[SourceVersion "1"]
[SourceVersionDate "2017.10.13"]
[SourceQuality "1"]
[WhiteTeam "Schwaebisch Hall (W)"]
[BlackTeam "Hamburger SK (W)"]
[WhiteTeamCountry "GER"]
[BlackTeamCountry "GER"]

1. e4 c5 2. Nf3 Nc6 3. Bb5 g6 4. 0-0 Bg7 5. Nc3 d6 6. d3 Bd7 7. Bxc6 Bxc6 8. Be3 e5 9. a3 Ne7 10. b4 b6 11. Qd2 h6 12. Ne1 g5 13. Ne2 f5 14. f3 0-0 15. c4 Qd7 16. Nc3 Bb7 17. b5 Rf7 18. a4 Raf8 19. a5 Qe6 20. axb6 axb6 21. Nd5 Nc8 22. Nc2 Qg6 23. g4 fxg4 24. fxg4 Bxd5 25. cxd5 Rxf1+ 26. Rxf1 Rxf1+ 27. Kxf1 Qf7+ 28. Qf2 Na7 29. Qxf7+ Kxf7 30. Na3 Kg6 31. Ke2 Bf6 32. Kd2 Bd8 33. Kc3 h5 34. h3 hxg4 35. hxg4 Kf6 36. Kc4 Nc8 37. Nb1 Kg6 38. Nd2 Kf7 39. Nf3 Kg6 40. Nd2 Kf7 41. Nf1 Bf6 42. Ng3 Bd8 43. Nf5 Bf6 44. Bc1 Bd8 45. Kb3 Kg6 46. Bd2 Kf6 47. Be1 Kg6 48. Bg3 Bf6 49. Bh2 Kf7 50. Bg1 Bd8 51. Be3 Kg6 52. Kc4 Kf6 1/2-1/2

[Event "BL2 Ost 1516 (Women)"]
[Site "Germany"]
[Date "2016.02.27"]
[Round "6.2"]
[White "Schulz, Stefanie"]
[Black "Beltz, Franziska"]
[Result "1-0"]
[WhiteElo "2077"]
[BlackElo "2028"]
[PlyCount "65"]
[EventDate "2015.09.26"]
[EventType "team-tourn"]
[EventRounds "7"]
[EventCountry "GER"]
[SourceTitle "EXT 2017"]
[Source "ChessBase"]
[SourceDate "2016.10.25"]
[SourceVersion "1"]
[SourceVersionDate "2016.10.25"]
[SourceQuality "1"]
[WhiteTeam "Hamburger SK (W) II"]
[BlackTeam "Leipzig SG (W)"]
[WhiteTeamCountry "GER"]
[BlackTeamCountry "GER"]

1. e4 c5 2. Nf3 d6 3. d4 cxd4 4. Bc4 Nf6 5. Qe2 Nc6 6. h3 e6 7. 0-0 Be7 8. Rd1 0-0 9. Nxd4 Nxd4 10. Rxd4 Qc7 11. Nc3 a6 12. Bb3 Bd7 13. a4 Bc6 14. a5 Rfe8 15. Be3 Rac8 16. Rdd1 d5 17. exd5 Nxd5 18. Nxd5 Bxd5 19. Bb6 Qf4 20. Rd4 Qf5 21. c4 Bc6 22. Bc2 Qf6 23. Rad1 e5 24. Rg4 g6 25. Be4 Ba4 26. Rb1 Bc6 27. b4 Qe6 28. b5 h5 29. Rxg6+ fxg6 30. bxc6 bxc6 31. c5 Rf8 32. Bd3 Bh4 33. Bc4 1-0

[Event "BL2 Ost 1415 (Women)"]
[Site "Germany"]
[Date "2014.09.28"]
[Round "2.2"]
[White "Schulz, Stefanie"]
[Black "Nguyen Minh, Thuy"]
[Result "1/2-1/2"]
[WhiteElo "2081"]
[BlackElo "1981"]
[PlyCount "58"]
[EventDate "2014.09.27"]
[EventType "team-tourn"]
[EventRounds "7"]
[EventCountry "GER"]
[SourceTitle "CBM 166 Extra"]
[Source "ChessBase"]
[SourceDate "2015.06.18"]
[SourceVersion "1"]
[SourceVersionDate "2015.06.18"]
[SourceQuality "1"]
[WhiteTeam "Berlin Rotation (W)"]
[BlackTeam "Niederwiesa (W)"]
[WhiteTeamCountry "GER"]
[BlackTeamCountry "GER"]

1. e4 e6 2. d4 d5 3. exd5 exd5 4. Bd3 Nc6 5. c3 Bd6 6. Ne2 Bg4 7. Qb3 Nge7 8. h3 Bxe2 9. Bxe2 Qc8 10. Bg4 f5 11. Bh5+ g6 12. Bf3 Qe6+ 13. Kd1 0-0-0 14. Re1 Qf7 15. Bg5 h6 16. Bxe7 Bxe7 17. Qb5 Bf6 18. Na3 h5 19. Nc2 f4 20. Kd2 g5 21. Qd3 Ne7 22. Rad1 Rd6 23. Kc1 Kb8 24. g4 h4 25. Re2 Rhd8 26. Kd2 Ra6 27. Nb4 Rb6 28. Rb1 a5 29. Nc2 Rdd6 1/2-1/2

[Event "BL2 Ost 1314 (Women)"]
[Site "Germany"]
[Date "2014.03.09"]
[Round "7.4"]
[White "Schulz, Stefanie"]
[Black "Beltz, Carmen"]
[Result "0-1"]
[WhiteElo "2088"]
[BlackElo "1940"]
[PlyCount "98"]
[EventDate "2013.11.30"]
[EventType "team-tourn"]
[EventRounds "7"]
[EventCountry "GER"]
[SourceTitle "EXT 2018"]
[Source "ChessBase"]
[SourceDate "2017.10.13"]
[SourceVersion "1"]
[SourceVersionDate "2017.10.13"]
[SourceQuality "1"]
[WhiteTeam "Berlin Rotation (W)"]
[BlackTeam "Leipzig SG (W)"]
[WhiteTeamCountry "GER"]
[BlackTeamCountry "GER"]

1. e4 c5 2. c4 Nc6 3. Nc3 g6 4. g3 Bg7 5. Bg2 e6 6. Nge2 Nge7 7. 0-0 0-0 8. d3 d6 9. Rb1 Bd7 10. a3 a6 11. b4 b6 12. Bf4 e5 13. Be3 Nd4 14. f4 b5 15. bxc5 dxc5 16. fxe5 Bxe5 17. Nd5 Bg4 18. Bxd4 Bxd4+ 19. Kh1 Nxd5 20. cxd5 Bxe2 21. Qxe2 Qd6 22. Qa2 Rab8 23. Bf3 Rb6 24. Bd1 Qe5 25. a4 Rf6 26. Rxf6 Qxf6 27. Kg2 Rb8 28. Bg4 h5 29. Rf1 Qd6 30. Bd1 Kg7 31. axb5 Rxb5 32. Bb3 h4 33. Qa3 hxg3 34. hxg3 Qb8 35. Bc4 Rb2+ 36. Kf3 Qh8 37. Qxb2 Qh5+ 38. Kg2 Bxb2 39. Bxa6 Bd4 40. Rf3 Qg5 41. Rf4 Be5 42. Rf3 Qd2+ 43. Rf2 Qe1 44. Bc4 Bd4 45. Ra2 Qg1+ 46. Kf3 Qf1+ 47. Kg4 Qh1 48. Ra7 Be3 49. d6 Qh5# 0-1

[Event "BL2 Ost 1314 (Women)"]
[Site "Germany"]
[Date "2013.11.30"]
[Round "1.4"]
[White "Schulz, Stefanie"]
[Black "Kaden, Romy"]
[Result "1-0"]
[WhiteElo "2088"]
[BlackElo "1807"]
[PlyCount "85"]
[EventDate "2013.11.30"]
[EventType "team-tourn"]
[EventRounds "7"]
[EventCountry "GER"]
[SourceTitle "EXT 2018"]
[Source "ChessBase"]
[SourceDate "2017.10.13"]
[SourceVersion "1"]
[SourceVersionDate "2017.10.13"]
[SourceQuality "1"]
[WhiteTeam "Berlin Rotation (W)"]
[BlackTeam "Chemnitz Aufbau (W)"]
[WhiteTeamCountry "GER"]
[BlackTeamCountry "GER"]

1. e4 c5 2. c4 d6 3. Nc3 Nc6 4. Nge2 g6 5. d4 cxd4 6. Nxd4 Bg7 7. Be3 Bd7 8. Qd2 Nf6 9. Be2 0-0 10. Nc2 Re8 11. 0-0 Qc8 12. f3 Ne5 13. b3 b6 14. Rac1 Qb7 15. Kh1 Rac8 16. Rfd1 Rc7 17. Nd4 Nc6 18. Ndb5 Rcc8 19. Nd4 Nxd4 20. Bxd4 Be6 21. Qg5 Rc6 22. f4 Rcc8 23. Bf3 Qb8 24. Qh4 Nd7 25. Bxg7 Kxg7 26. f5 Bxc4 27. bxc4 Rxc4 28. Nd5 Rxc1 29. Rxc1 Rc8 30. Rd1 Re8 31. Qg3 Ne5 32. Qf4 f6 33. Be2 g5 34. Qd2 b5 35. Qa5 Rc8 36. h3 Rc2 37. Bxb5 g4 38. Nf4 Qc8 39. Qxa7 Kf8 40. Ne6+ Kf7 41. Qe3 Qg8 42. Qh6 gxh3 43. Qh5+ 1-0

[Event "GER-ch (Women) rapid"]
[Site "Gladenbach"]
[Date "2013.09.29"]
[Round "7"]
[White "Schulz, Stefanie"]
[Black "Beltz, Martina"]
[Result "1-0"]
[WhiteElo "2088"]
[BlackElo "2100"]
[PlyCount "91"]
[EventDate "2013.09.28"]
[EventType "swiss (rapid)"]
[EventRounds "9"]
[EventCountry "GER"]
[SourceTitle "CBM 156 Extra"]
[Source "ChessBase"]
[SourceDate "2013.10.22"]
[SourceVersion "1"]
[SourceVersionDate "2013.10.22"]
[SourceQuality "1"]

1. e4 c5 2. Nf3 e6 3. d4 cxd4 4. Bc4 d6 5. 0-0 Qc7 6. Qe2 Nc6 7. Bf4 e5 8. Bg3 Be7 9. h3 Be6 10. Bxe6 fxe6 11. c3 dxc3 12. Nxc3 a6 13. Rfd1 Nh6 14. Rac1 0-0 15. Qc4 Qc8 16. a3 Nd4 17. Qd3 Nxf3+ 18. gxf3 Qe8 19. Ne2 Rc8 20. Kg2 Nf7 21. Qb3 Bg5 22. Rxc8 Qxc8 23. Rd3 Qd7 24. Rc3 Rc8 25. Rd3 Rc6 26. Qa4 b5 27. Qd1 Qe7 28. b4 Qc7 29. a4 Rc2 30. axb5 axb5 31. Ra3 g6 32. Ra7 Qc4 33. Bxe5 Nxe5 34. Qxd6 Nf7 35. Ra8+ Kg7 36. Qf8+ Kf6 37. Ra7 e5 38. Ra6+ Qe6 39. Rxe6+ Kxe6 40. Qe8+ Kf6 41. Qxb5 Nd6 42. Qa6 Ke6 43. f4 Bh4 44. f5+ gxf5 45. exf5+ Kd5 46. Qd3+ 1-0

[Event "GER-ch (Women)"]
[Site "Bad Wiessee"]
[Date "2013.03.28"]
[Round "9"]
[White "Schulz, Stefanie"]
[Black "Just, Anita"]
[Result "1-0"]
[WhiteElo "2071"]
[BlackElo "1982"]
[PlyCount "123"]
[EventDate "2013.03.20"]
[EventType "swiss"]
[EventRounds "9"]
[EventCountry "GER"]
[SourceTitle "CBM 153 Extra"]
[Source "ChessBase"]
[SourceDate "2013.04.22"]
[SourceVersion "1"]
[SourceVersionDate "2013.04.22"]
[SourceQuality "1"]

1. e4 e6 2. d3 d5 3. Nd2 Nf6 4. Ngf3 b6 5. c3 c5 6. e5 Nfd7 7. d4 Qc7 8. Be2 Ba6 9. 0-0 Be7 10. Re1 Bxe2 11. Qxe2 Nc6 12. a3 cxd4 13. c4 d3 14. Qe3 d4 15. Qxd3 Nc5 16. Qe2 a5 17. b3 0-0 18. Bb2 Rfd8 19. Rad1 Rac8 20. h3 Qb8 21. Rb1 Rd7 22. Rec1 Bd8 23. Ba1 Bc7 24. b4 Nb7 25. Re1 Rcd8 26. Qe4 h6 27. Qxc6 Qa7 28. Qe4 axb4 29. axb4 Bb8 30. Nxd4 Qa2 31. N2b3 Rc8 32. c5 bxc5 33. bxc5 Rd5 34. Nc2 Nxc5 35. Nxc5 Rdxc5 36. Nb4 Qa5 37. Nd3 Rc2 38. Qb4 Qd5 39. Qb3 Qa5 40. Bd4 Qd8 41. Bb6 Qg5 42. Be3 Qf5 43. Qxc2 Rxc2 44. Rxb8+ Kh7 45. Rb3 Rc4 46. Ra1 Rc8 47. Ra7 Rd8 48. Raa3 Rd7 49. Kh2 Rd8 50. f3 Rd5 51. Bf2 Rd8 52. Bg3 Rd5 53. Rc3 Rd4 54. Nf2 Rd2 55. Ne4 Rb2 56. Rc7 Re2 57. Rb3 h5 58. h4 Rxe4 59. fxe4 Qxe4 60. Rxf7 Kg8 61. Rbb7 Qc4 62. Rxg7+ 1-0

[Event "GER-ch (Women)"]
[Site "Bad Wiessee"]
[Date "2013.03.25"]
[Round "6"]
[White "Schulz, Stefanie"]
[Black "Vidonyak, Nellya"]
[Result "1/2-1/2"]
[WhiteElo "2071"]
[BlackElo "2157"]
[PlyCount "119"]
[EventDate "2013.03.20"]
[EventType "swiss"]
[EventRounds "9"]
[EventCountry "GER"]
[SourceTitle "CBM 153 Extra"]
[Source "ChessBase"]
[SourceDate "2013.04.22"]
[SourceVersion "1"]
[SourceVersionDate "2013.04.22"]
[SourceQuality "1"]

1. e4 d5 2. exd5 Qxd5 3. Nc3 Qa5 4. Bc4 Nf6 5. d3 c6 6. Bd2 Qc7 7. Qe2 e6 8. g4 Bb4 9. a3 Be7 10. g5 Nd5 11. Ne4 b5 12. Bb3 Nd7 13. h4 Bb7 14. f3 c5 15. a4 b4 16. Nh3 a5 17. Qh2 Qb6 18. Bc4 f5 19. gxf6 gxf6 20. b3 f5 21. Nhg5 h6 22. 0-0-0 hxg5 23. Nxg5 e5 24. h5 f4 25. h6 Bxg5 26. Qh5+ Kf8 27. Qxg5 Qf6 28. Rdg1 Qxg5 29. Rxg5 Rh7 30. Bxd5 Bxd5 31. Bxf4 Bxf3 32. Rh4 exf4 33. Rxf4+ Ke7 34. Rxf3 Rxh6 35. Rff5 Rf6 36. Rd5 Raf8 37. d4 Rf1+ 38. Kb2 c4 39. bxc4 Nb6 40. Rge5+ Kf7 41. Rf5+ Rxf5 42. Rxf5+ Kg7 43. Rxf8 Nxc4+ 44. Ka2 Kxf8 45. c3 bxc3 46. Kb3 Nb6 47. Kxc3 Ke7 48. d5 Kd6 49. Kd4 Nxa4 50. Kc4 Nc5 51. Kb5 a4 52. Kb4 Kxd5 53. Ka3 Kc4 54. Ka2 Kb4 55. Kb2 Kc4 56. Ka2 Kc3 57. Ka3 Kc2 58. Ka2 Kc3 59. Ka3 Kc4 60. Ka2 1/2-1/2

[Event "BL2 Ost 1213 (Women)"]
[Site "Germany"]
[Date "2013.01.20"]
[Round "5.4"]
[White "Schulz, Petra"]
[Black "Schulz, Stefanie"]
[Result "1/2-1/2"]
[WhiteElo "2066"]
[BlackElo "2071"]
[PlyCount "135"]
[EventDate "2012.10.06"]
[EventType "team-tourn"]
[EventRounds "7"]
[EventCountry "GER"]
[SourceTitle "EXT 2018"]
[Source "ChessBase"]
[SourceDate "2017.10.13"]
[SourceVersion "1"]
[SourceVersionDate "2017.10.13"]
[SourceQuality "1"]
[WhiteTeam "Leipzig WBA (W)"]
[BlackTeam "Rotation Pankow (W)"]
[WhiteTeamCountry "GER"]
[BlackTeamCountry "GER"]

1. e4 c5 2. Nf3 Nc6 3. Bb5 g6 4. 0-0 Bg7 5. Re1 e5 6. Nc3 Nge7 7. Nd5 0-0 8. Nxe7+ Nxe7 9. Bc4 h6 10. c3 d6 11. d4 Bg4 12. dxe5 dxe5 13. Qxd8 Rfxd8 14. Be3 b6 15. Rad1 Kf8 16. h3 Bd7 17. Bd5 Nxd5 18. exd5 c4 19. Nd2 Rac8 20. f4 Bf5 21. fxe5 Rxd5 22. Bd4 Ke7 23. b3 cxb3 24. axb3 Ke6 25. Nf3 Ra5 26. Rd2 Ke7 27. c4 Rd8 28. Rb2 Ke8 29. Ree2 Ra1+ 30. Kf2 Bd3 31. Red2 Rf1+ 32. Ke3 Bf5 33. Ke2 Rh1 34. Ra2 Be4 35. Rxa7 Bxf3+ 36. Kxf3 Bxe5 37. Re2 Rf1+ 38. Bf2 f6 39. Rea2 Rd7 40. Rxd7 Kxd7 41. Ke2 Rb1 42. Bxb6 Rxb3 43. Be3 h5 44. Ra7+ Ke6 45. Ra6+ Kf5 46. Ra2 Ke4 47. Bf2 Rb2+ 48. Rxb2 Bxb2 49. Bb6 g5 50. Bd8 g4 51. hxg4 hxg4 52. Be7 f5 53. c5 Kd5 54. Ke3 Be5 55. Kf2 f4 56. Kf1 Ke6 57. Bd8 Bd4 58. Bg5 Be5 59. Bd8 Bb8 60. Bg5 Bc7 61. Bh6 Be5 62. Bf8 Kf7 63. Bh6 Ke7 64. Bg5+ Ke6 65. Bh6 Kd5 66. Bf8 Bd4 67. Bd6 Bxc5 68. Bxf4 1/2-1/2

[Event "BL 1112 (Women)"]
[Site "Germany"]
[Date "2012.02.11"]
[Round "8.3"]
[White "Schulz, Stefanie"]
[Black "Stitterich, Nadine"]
[Result "1-0"]
[WhiteElo "2075"]
[BlackElo "2008"]
[PlyCount "85"]
[EventDate "2011.10.29"]
[EventType "team-tourn"]
[EventRounds "11"]
[EventCountry "GER"]
[SourceTitle "EXT 2013"]
[Source "ChessBase"]
[SourceDate "2012.11.22"]
[SourceVersion "1"]
[SourceVersionDate "2012.11.22"]
[SourceQuality "1"]
[WhiteTeam "Pankow Rotation (W)"]
[BlackTeam "Stuttgart Wolfbusch (W)"]
[WhiteTeamCountry "GER"]
[BlackTeamCountry "GER"]

1. e4 c5 2. c4 Nc6 3. Nc3 g6 4. g3 Bg7 5. Bg2 e6 6. Nge2 d6 7. 0-0 Nge7 8. d3 0-0 9. Rb1 Nd4 10. Nxd4 cxd4 11. Ne2 d5 12. exd5 exd5 13. b3 dxc4 14. bxc4 Nc6 15. Nf4 Re8 16. Nd5 Ne5 17. Bf4 Bg4 18. f3 Bc8 19. Re1 Rb8 20. Bxe5 Bxe5 21. f4 Bg7 22. Qa4 Bf5 23. Be4 Bxe4 24. dxe4 a6 25. Rb6 Re6 26. Qb3 Rxb6 27. Qxb6 Qxb6 28. Nxb6 d3 29. e5 Bf8 30. Nd7 Rd8 31. Nxf8 Kxf8 32. Kf2 Rc8 33. Ke3 Rxc4 34. Kxd3 b5 35. Re4 Rc1 36. Re2 Ke7 37. Rc2 Rxc2 38. Kxc2 a5 39. Kd3 Ke6 40. Kd4 Kf5 41. Kc5 Kg4 42. Kxb5 Kh3 43. Kxa5 1-0

[Event "GER-ch (Women)"]
[Site "Bonn"]
[Date "2011.05.26"]
[Round "1"]
[White "Schulz, Stefanie"]
[Black "Aden, Dagmar"]
[Result "1/2-1/2"]
[WhiteElo "2082"]
[BlackElo "1817"]
[PlyCount "105"]
[EventDate "2011.05.26"]
[EventType "swiss"]
[EventRounds "9"]
[EventCountry "GER"]
[SourceTitle "CBM 142 Extra"]
[Source "ChessBase"]
[SourceDate "2011.06.27"]
[SourceVersion "1"]
[SourceVersionDate "2011.06.27"]
[SourceQuality "1"]

1. e4 c5 2. Nc3 Nc6 3. f4 d6 4. Nf3 Nf6 5. Bc4 g6 6. 0-0 Bg7 7. d3 0-0 8. h3 a6 9. a4 Nd7 10. Ne2 Nb6 11. Bb3 Na5 12. c3 Nxb3 13. Qxb3 Be6 14. c4 Rb8 15. Bd2 Nd7 16. Ng5 Qb6 17. Qa2 h6 18. Nxe6 fxe6 19. Rab1 Kh7 20. Be3 Qc6 21. Kh1 Nb6 22. a5 Qa4 23. Qxa4 Nxa4 24. e5 dxe5 25. b3 exf4 26. Bxf4 e5 27. Be3 Rxf1+ 28. Rxf1 Nb2 29. Bxc5 Nxd3 30. Bxe7 Re8 31. Bd6 Kg8 32. Nc1 Nxc1 33. Rxc1 e4 34. Rc2 Kf7 35. Re2 Bc3 36. Bc7 Re7 37. Bb6 Re5 38. Kg1 Bxa5 39. Bxa5 Rxa5 40. Rxe4 Ra3 41. Re3 a5 42. Kf2 a4 43. bxa4 Rxa4 44. Rc3 Ke6 45. Ke3 Ke5 46. Kd3 Rb4 47. Rc1 Rb3+ 48. Ke2 g5 49. Rd1 Rc3 50. Rb1 Rxc4 51. Rxb7 Kf4 52. Rb3 Rc2+ 53. Kf1 1/2-1/2

[Event "BL2 Nord 1011 (Women)"]
[Site "Germany"]
[Date "2010.12.04"]
[Round "3.6"]
[White "Schulz, Stefanie"]
[Black "Wenke, Petra"]
[Result "1-0"]
[WhiteElo "2077"]
[BlackElo "1365"]
[PlyCount "69"]
[EventDate "2010.11.06"]
[EventType "team-tourn"]
[EventRounds "7"]
[EventCountry "GER"]
[SourceTitle "EXT 2012"]
[Source "ChessBase"]
[SourceDate "2011.11.24"]
[SourceVersion "1"]
[SourceVersionDate "2011.11.24"]
[SourceQuality "1"]
[WhiteTeam "Pankow Rotation (W)"]
[BlackTeam "Delmenhorst (W)"]
[WhiteTeamCountry "GER"]
[BlackTeamCountry "GER"]

1. e4 e5 2. Nf3 Nc6 3. Bc4 Be7 4. 0-0 Nf6 5. d3 0-0 6. h3 d6 7. c3 h6 8. b4 a6 9. a4 Bd7 10. Be3 Qe8 11. Nbd2 Nd8 12. Bb3 Ne6 13. Nh2 Kh8 14. a5 Nh7 15. Ba4 Bxa4 16. Qxa4 f5 17. exf5 Rxf5 18. Qc2 Qg6 19. Ne4 Nhg5 20. Ng3 Rf6 21. h4 Nh7 22. h5 Qf7 23. Ng4 Nf4 24. Nxf6 Nxf6 25. Qd1 N6xh5 26. Nxh5 Nxh5 27. d4 Bf6 28. Qf3 Rb8 29. dxe5 dxe5 30. Rad1 c6 31. Rd6 Kg8 32. Rfd1 Nf4 33. Bxf4 exf4 34. Qxf4 Bxc3 35. Rd8+ 1-0

[Event "Berlin Lichtenberger op 9th"]
[Site "Berlin"]
[Date "2010.08.15"]
[Round "9"]
[White "Vogel, Robert"]
[Black "Schulz, Stefanie"]
[Result "1-0"]
[WhiteElo "2284"]
[BlackElo "2083"]
[PlyCount "115"]
[EventDate "2010.08.07"]
[EventType "swiss"]
[EventRounds "9"]
[EventCountry "GER"]
[SourceTitle "CBM 137 Extra"]
[Source "ChessBase"]
[SourceDate "2010.09.01"]
[SourceVersion "1"]
[SourceVersionDate "2010.09.01"]
[SourceQuality "1"]

1. d4 Nf6 2. c4 c5 3. d5 e6 4. Nc3 exd5 5. cxd5 d6 6. e4 g6 7. Bd3 Bg7 8. Nge2 a6 9. a4 0-0 10. 0-0 Qc7 11. h3 Nbd7 12. f4 Re8 13. Ng3 Rb8 14. Be3 c4 15. Bc2 b5 16. axb5 axb5 17. Ra7 Qd8 18. Qf3 b4 19. Nce2 Rb7 20. Raa1 Qc7 21. Ba4 Rf8 22. Bc6 Rb6 23. Rfc1 c3 24. bxc3 b3 25. Rcb1 Ba6 26. Qf2 Rxc6 27. dxc6 Qxc6 28. Rxb3 Bxe2 29. Qxe2 Nxe4 30. Nxe4 Qxe4 31. Rb4 Qe6 32. Qd3 Nc5 33. Bxc5 dxc5 34. Rc4 Rc8 35. Rf1 f5 36. Rd1 Bf8 37. Kf2 Be7 38. Qd5 Kf7 39. Ra4 Qxd5 40. Rxd5 Rd8 41. Rxd8 Bxd8 42. Ra7+ Be7 43. Ke3 Ke6 44. Kd3 h6 45. Kc4 Bd6 46. Ra6 g5 47. fxg5 hxg5 48. Rc6 Ke5 49. Kb5 Be7 50. Rc7 Bf6 51. Rxc5+ Kf4 52. c4 g4 53. Rd5 Bh4 54. c5 Ke4 55. Kc4 gxh3 56. gxh3 Be1 57. c6 Bg3 58. h4 1-0

[Event "Berlin Lichtenberger op 9th"]
[Site "Berlin"]
[Date "2010.08.07"]
[Round "2"]
[White "Schulz, Stefanie"]
[Black "Radssat, Marc Rene"]
[Result "1-0"]
[WhiteElo "2083"]
[BlackElo "1600"]
[PlyCount "75"]
[EventDate "2010.08.07"]
[EventType "swiss"]
[EventRounds "9"]
[EventCountry "GER"]
[SourceTitle "CBM 137 Extra"]
[Source "ChessBase"]
[SourceDate "2010.09.01"]
[SourceVersion "1"]
[SourceVersionDate "2010.09.01"]
[SourceQuality "1"]

1. e4 e6 2. d3 d5 3. Nd2 Nf6 4. Ngf3 c5 5. g3 Nc6 6. Bg2 Be7 7. 0-0 0-0 8. c3 Qc7 9. Qc2 b6 10. Re1 Bb7 11. Nf1 Rac8 12. e5 Nd7 13. Bf4 h6 14. h4 Rfe8 15. N1h2 Nf8 16. h5 Qd8 17. Ng4 Nh7 18. Qd2 Kh8 19. Kh2 Bf8 20. Rh1 Rc7 21. Kg1 d4 22. c4 Ne7 23. Nh4 Bxg2 24. Kxg2 a6 25. a4 Rb7 26. Qe2 b5 27. Qe4 Rb6 28. axb5 axb5 29. b3 bxc4 30. bxc4 Qd7 31. Bxh6 gxh6 32. Qxh7+ Kxh7 33. Nf6+ Kg7 34. Nxd7 Rc6 35. Ra5 Nc8 36. Nxf8 Rxf8 37. Rb1 Ne7 38. Rb7 1-0

[Event "BL2 Ost 0910 (Women)"]
[Site "Germany"]
[Date "2010.03.13"]
[Round "6.3"]
[White "Schulz, Stefanie"]
[Black "Matras Clement, Agnieszka"]
[Result "0-1"]
[WhiteElo "2109"]
[BlackElo "2231"]
[PlyCount "74"]
[EventDate "2009.11.07"]
[EventType "team-tourn"]
[EventRounds "7"]
[EventCountry "GER"]
[SourceTitle "CBM 133 Extra"]
[Source "ChessBase"]
[SourceDate "2010.01.05"]
[SourceVersion "1"]
[SourceVersionDate "2010.01.05"]
[SourceQuality "1"]
[WhiteTeam "Pankow Rotation (W)"]
[BlackTeam "Leipzig Allianz (W)"]
[WhiteTeamCountry "GER"]
[BlackTeamCountry "GER"]

1. e4 e5 2. Nf3 Nc6 3. Bc4 Nf6 4. Ng5 d5 5. exd5 Na5 6. d3 h6 7. Nf3 e4 8. Qe2 Nxc4 9. dxc4 Bc5 10. h3 0-0 11. Nh2 b5 12. cxb5 Qxd5 13. Nc3 Qe6 14. 0-0 Bb7 15. Be3 Bd6 16. Rfd1 Nh7 17. Na4 f5 18. Nc5 Bxc5 19. Bxc5 Rf6 20. b3 Rg6 21. Qc4 Qxc4 22. bxc4 Ng5 23. Kf1 Ne6 24. Bb4 e3 25. g3 f4 26. g4 Re8 27. c5 Nxc5 28. fxe3 fxe3 29. Bxc5 e2+ 30. Kf2 exd1Q 31. Rxd1 Rf6+ 32. Kg3 Re2 33. Nf1 Rf3+ 34. Kh4 g5+ 35. Kh5 Rxh3+ 36. Kg6 Be4+ 37. Kf6 Rf3+ 0-1

[Event "Oberliga Nord O 0910"]
[Site "Germany"]
[Date "2010.02.28"]
[Round "7.6"]
[White "Rutschke, Bernhard"]
[Black "Schulz, Stefanie"]
[Result "1-0"]
[WhiteElo "2085"]
[BlackElo "2109"]
[PlyCount "91"]
[EventDate "2009.10.18"]
[EventType "team-tourn"]
[EventRounds "9"]
[EventCountry "GER"]
[SourceTitle "EXT 2011"]
[Source "ChessBase"]
[SourceDate "2010.11.26"]
[SourceVersion "1"]
[SourceVersionDate "2010.11.26"]
[SourceQuality "1"]
[WhiteTeam "Ruedersdorf"]
[BlackTeam "Koenig Tegel"]
[WhiteTeamCountry "GER"]
[BlackTeamCountry "GER"]

1. Nf3 c5 2. g3 Nc6 3. Bg2 g6 4. 0-0 Bg7 5. d3 d6 6. e4 e6 7. c3 e5 8. Nh4 Be6 9. Be3 h5 10. Nf3 Bg4 11. h3 Bxf3 12. Qxf3 h4 13. Nd2 b5 14. a4 b4 15. Nc4 Rc8 16. gxh4 f6 17. Qg3 Nge7 18. Bf3 Kf7 19. Be2 bxc3 20. bxc3 d5 21. Na3 d4 22. cxd4 Nxd4 23. Bxd4 cxd4 24. f4 exf4 25. Qxf4 Nc6 26. Nc4 Bh6 27. Qg3 Kg7 28. h5 g5 29. Rab1 Rb8 30. Qg4 Qc8 31. Qf3 Qe6 32. Qg3 Ne5 33. Bg4 Qe7 34. Nxe5 Qxe5 35. Qxe5 fxe5 36. Be6 Rxb1 37. Rxb1 Kf6 38. Bd5 Rh7 39. Rf1+ Ke7 40. Rf5 Kd6 41. a5 Rh8 42. Rf7 Bf8 43. Rxa7 Rxh5 44. Kg2 Kc5 45. Rf7 Bd6 46. a6 1-0

[Event "Oberliga Nord O 0910"]
[Site "Germany"]
[Date "2010.01.24"]
[Round "5.6"]
[White "Guth, Thomas"]
[Black "Schulz, Stefanie"]
[Result "1-0"]
[WhiteElo "2282"]
[BlackElo "2109"]
[PlyCount "87"]
[EventDate "2009.10.18"]
[EventType "team-tourn"]
[EventRounds "9"]
[EventCountry "GER"]
[SourceTitle "EXT 2011"]
[Source "ChessBase"]
[SourceDate "2010.11.26"]
[SourceVersion "1"]
[SourceVersionDate "2010.11.26"]
[SourceQuality "1"]
[WhiteTeam "Pankow Rotation"]
[BlackTeam "Koenig Tegel"]
[WhiteTeamCountry "GER"]
[BlackTeamCountry "GER"]

1. e4 c5 2. Nf3 Nc6 3. d4 cxd4 4. Nxd4 g6 5. c4 Bg7 6. Be3 d6 7. Nc3 Nf6 8. Be2 0-0 9. 0-0 Bd7 10. Nc2 Qa5 11. f4 Ne8 12. Qd2 f5 13. e5 Be6 14. b4 Qd8 15. b5 Na5 16. Nd5 b6 17. Nd4 Bxd5 18. cxd5 Nc7 19. Rac1 dxe5 20. Nc6 Nxc6 21. Rxc6 e4 22. Bc4 Kh8 23. Bd4 Ne8 24. Be5 Nd6 25. Qb4 Nf7 26. Bxg7+ Kxg7 27. Qc3+ Kg8 28. d6 exd6 29. Rd1 Qh4 30. Rdxd6 Qh5 31. Qf6 e3 32. Rc7 g5 33. Qxg5+ Qxg5 34. fxg5 Rac8 35. Bxf7+ Kg7 36. Rxc8 Rxc8 37. Rc6 Rd8 38. Bh5 Rd2 39. Rc7+ Kg8 40. Rxa7 Rb2 41. h4 Rxb5 42. Bf7+ Kf8 43. Bb3 Rc5 44. Kf1 1-0